Normal view
MARC view
- Biomimetics
Entry Topical Term
001 - CONTROL NUMBER
- control field: 55918
003 - CONTROL NUMBER IDENTIFIER
- control field: NUST
005 - DATE AND TIME OF LATEST TRANSACTION
- control field: 20210628201558.0
008 - FIXED-LENGTH DATA ELEMENTS
- fixed length control field: 210628|| aca||aabn | a|a d
040 ## - CATALOGING SOURCE
- Original cataloging agency: NUST
- Transcribing agency: NUST
150 ## - HEADING--TOPICAL TERM
- Topical term or geographic name entry element: Biomimetics
670 ## - SOURCE DATA FOUND
- Source citation: Work cat.: (NUST): Gazit, Ehud. 55917, Plenty of room for biology at the bottom, an introduction to bionanotechnology, c2007.
